000 00585cam a22002053a 4500
001 40485
003 PGUSA
005 20140828083914.0
008 120813s2012||||xxu|||||s|||||000 | eng d
040 _aPGUSA
_beng
042 _adc
100 1 _aUnderhill, A. Leah
245 1 4 _aThe Missing Link in Modern Spiritualism
_h[electronic resource] /
_cA. Leah Underhill
260 _bProject Gutenberg,
_c2012
506 _aPublic domain in the USA.
516 _aElectronic text
830 0 _aProject Gutenberg
_v40485
856 4 0 _uhttp://www.gutenberg.org/ebooks/40485
942 _cEB
999 _c269738
_d269738